000 01769nam a2200361 a 4500
001 BRCA_4921
005 20190320204847.0
008 201010s1822----mx-#######---#000-0#spa-#
041 _aspa
044 _amx
084 _aDOC20
_b.H47
_c1822
100 1 _aHerrera, José Manuel
_912474
245 1 0 _aDocumento firmado por Don José Manuel Herrera
_cJosé Manuel Herrera ; Agustín de Iturbide.
260 _aMéxico
_c1822
300 _a[2] fojas
_c30 x 21 cm.
500 _aDocumento firmado el 19 de diciembre de 1822.
500 _aDocumento que contiene un informe reservado dirigido por Herrera al Señor Capitán General del Sur, avisándole de la traición de Antonio López de Santa Anna y comunicándole una contraseña para el intercambio de oficios por disposición de Iturbide.
500 _aAl margen inscripción que dice: ´PRIMERA SECRETARIA DE ESTADO. Sección de Estado´.
500 _aContiene sello oficial del Primer Imperio Mexicano (Iturbide).
500 _aEl documento contiene la leyenda DOC. #29.
500 _aPapel con marca de agua.
500 _aEstado de conservación: contiene mancha de acidez al margen derecho y anotaciones con tinta roja.
506 0 _aFondo Reservado. Para su consulta es necesario credencial de usuario y carta de motivos.
546 _aTexto en: español de principios del siglo XIX.
600 1 4 _aHerrera, José Manuel
_xHistoria
_912475
650 1 4 _aGolpes de estado
_zMéxico
_912476
651 4 _aMéxico
_xHistoria
_yPrimeros gobiernos independientes, 1821-1824
_912477
653 0 _aPrimer Imperio Mexicano
700 1 _aIturbide, Agustín de
_cEmperador de México
_d1783-1824
_912478
700 1 _aLopéz de Santa Anna, Antonio
_d1794-1876
_912479
902 _aFDH
942 _2lcc
_cD
999 _c4615
_d4615